BIBLIOTECA

SENCICO

Feng Shui (Registro nro. 2569)

Detalles MARC
000 -LEADER
fixed length control field 00467nam a2200181Ia 4500
005 - DATE AND TIME OF LATEST TRANSACTION
control field 20251020182546.0
008 - FIXED-LENGTH DATA ELEMENTS--GENERAL INFORMATION
fixed length control field 200515s9999 xx 000 0 und d
082 ## - DEWEY DECIMAL CLASSIFICATION NUMBER
Classification number 747:728.80/L32
100 ## - MAIN ENTRY--PERSONAL NAME
Personal name LAZENBY, Gina
245 #0 - TITLE STATEMENT
Title Feng Shui
260 ## - PUBLICATION, DISTRIBUTION, ETC.
Place of publication, distribution, etc. Barcelona
260 ## - PUBLICATION, DISTRIBUTION, ETC.
Date of publication, distribution, etc. 1999
300 ## - PHYSICAL DESCRIPTION
Extent 95
520 ## - SUMMARY, ETC.
Summary, etc. Consejos de decoración sencillos que ayudarán a lograr un entorno relajante en su hogar
650 ## - SUBJECT ADDED ENTRY--TOPICAL TERM
Topical term or geographic name entry element DECORACION
650 ## - SUBJECT ADDED ENTRY--TOPICAL TERM
Topical term or geographic name entry element FENG SHUI
942 ## - ADDED ENTRY ELEMENTS (KOHA)
Koha item type Libros
Existencias
Fecha de la última vez que lo usaron Pago total Signatura topográfica completa Código de barras Precio efectivo desde Tipo de documento Estado perdido Estado dañado No es para préstamo Retirado Ubicación permanente Ubicación actual Fecha de adquisición
15/05/2020   747:728.80/L32 Bib-Lima15052569 15/05/2020 Libros         Biblioteca Central Lima Biblioteca Central Lima 15/05/2020